000
00334nam a22001457a 4500
003
OSt
005
20160727222402.0
008
160623b xxu||||| |||| 00| 0 eng d
040
_c
Test
100
_9
698
_a
Landorf, J,
245
_a
Change Points
260
_a
N.J
_b
Fleming H. Revell
_c
1947
300
_a
Change Points
942
_2
ddc
_c
BK
999
_c
595
_d
595